LDR 00926naa#a2200169#i#450# 001 RU\\bibl\121492 005 20260514040623.4 011 ## _a1994-4683 100 ## _a20230531b2023####ek#y0rusy0150####ca 102 ## _aRU 200 1# _aСРЕДОВЫЕ И ВНУТРИЛИЧНОСТНЫЕ ПРЕДИКТОРЫ СТАНОВЛЕНИЯ САМООЦЕНКИ В ПОДРОСТКОВОМ ВОЗРАСТЕ _eЖурнальная статья 210 1# _aМосква _cНациональный государственный Университет физической культуры, спорта и здоровья им. П.Ф. Лесгафта _d2023 215 ## _a6 с. 608 ## _aЖурнальная статья _2local 675 ## _aПсихологические исследования, опыты, эксперименты, тесты, измерения. 159.9.072 _z 700 #1 _aДеговцев _gН С 856 4# _auchzapiski.lesgaft.spb.ru _u